MEMICS 2007 : Third Doctoral Workshop on Mathematical and Engineering Methods in Computer Science

Na minha lista:
Detalhes bibliográficos
Formato: Livro
Idioma:inglês
Publicado em: Brno : Ing. Zdeněk Novotný, 2007
Tags: Adicionar Tag
Sem tags, seja o primeiro a adicionar uma tag!

MARC

LEADER 00000nam a22000003a 4500
001 stu263001
005 20150408182430.5
008 130222s--------xr------------------eng-d
020 |a 978-80-7355-077-6 
040 |a STU  |b slo 
041 0 |a eng 
044 |a xr 
245 |a MEMICS 2007 :  |b Third Doctoral Workshop on Mathematical and Engineering Methods in Computer Science 
260 |a Brno :  |b Ing. Zdeněk Novotný,  |c 2007 
300 |a 264 s 
996 |c I*Z7023  |l I  |s A  |a 24  |w stu263001_0001